000 00736nam a2200253Ia 4500
003 OSt
005 20220926013548.0
006 a|||||r|||| 00| 0
007 ta
008 220923b |||||||| |||| 00| 0 eng d
020 _a0471532002
037 _cGeneral Book
040 _aRTL
_cRTL
_beng
041 _2eng
_aeng
082 _aV1(Q7).I92<--D622, L0
100 _aLewis Archibald R Ed.
_9115783
245 0 _aThe Islamic world and the West , A D 622-1492
260 _aNew York
_bJohn Wiely & Sons U S A
_c1970
300 _axii,146p.
_ccm.
490 _aMajor Issuesin History
650 _aHistory
942 _hV1(Q7).I92<--D622, L0
_cGB
_2CC
999 _c626248
_d626248